| 000 | 00626 a2200193 4500 | ||
|---|---|---|---|
| 020 | _a0029037204 | ||
| 020 | _a9780029037201 | ||
| 082 | 0 | 4 | _a658.8 |
| 090 |
_c2034 _d2034 |
||
| 100 | 1 | _aBonoma, Thomas V. | |
| 245 | 1 | 0 |
_aManaging marketing / _cThomas V. Bonoma. |
| 250 | _aillustrated edition ed. | ||
| 260 |
_a[S.l.] : _bFree Press, _c1984. |
||
| 300 |
_a522 p. ; _c29 cm. |
||
| 500 | _aHardcover. | ||
| 856 | 4 | 0 |
_3Amazon.com _uhttp://www.amazon.com/exec/obidos/ASIN/0029037204/chopaconline-20 |
| 856 | 4 | 0 |
_3Amazon customer reviews _uhttp://www.chopac.org/cgi-bin/tools/azrev.pl?q=0029037204 |
| 942 |
_aNBS _cBK _k658.8 BON |
||
| 999 |
_c344537 _d344537 |
||